La cultura de la lengua / (Registro nro. 8100)

Detalles MARC
000 -LEADER
fixed length control field 01383nam a2200337 a 4500
001 - CONTROL NUMBER
control field 000003183
003 - CONTROL NUMBER IDENTIFIER
control field DO-SdBNP
005 - DATE AND TIME OF LATEST TRANSACTION
control field 20170925104157.0
007 - PHYSICAL DESCRIPTION FIXED FIELD--GENERAL INFORMATION
fixed length control field 000003183
008 - FIXED-LENGTH DATA ELEMENTS--GENERAL INFORMATION
fixed length control field 090707s1999 dr 000 0 spa d
020 ## - INTERNATIONAL STANDARD BOOK NUMBER
International Standard Book Number 9993425036
040 ## - CATALOGING SOURCE
Original cataloging agency BPMSU
Language of cataloging spa
Transcribing agency BPMSU
082 #4 - DEWEY DECIMAL CLASSIFICATION NUMBER
Classification number 460.7293
Item number M433c
100 1# - MAIN ENTRY--PERSONAL NAME
Personal name Matos Moquete, Manuel,
Dates associated with a name 1944-
245 13 - TITLE STATEMENT
Title La cultura de la lengua /
Statement of responsibility, etc. Manuel Matos Moquete.
260 ## - PUBLICATION, DISTRIBUTION, ETC. (IMPRINT)
Place of publication, distribution, etc. Santo Domingo :
Name of publisher, distributor, etc. INTEC,
Date of publication, distribution, etc. 1999.
300 ## - PHYSICAL DESCRIPTION
Extent 338 p. ;
Dimensions 21 cm.
500 ## - GENERAL NOTE
General note "La crítica que realizó José Martí y que él mismo llamo más de una vez, y desde muy temprano, ejercicio del criterio - fue, como toda crítica verdadera, manifestación de un pensamiento / Roberto Fernández Retamar".- En portada
600 14 - SUBJECT ADDED ENTRY--PERSONAL NAME
Personal name MIR, PEDRO,
Dates associated with a name 1924-2000
General subdivision CRÍTICA E INTERPRETACIÓN
600 14 - SUBJECT ADDED ENTRY--PERSONAL NAME
Personal name HENRÍQUEZ UREÑA, PEDRO,
Dates associated with a name 1884-1946
General subdivision CRÍTICA E INTERPRETACIÓN
600 14 - SUBJECT ADDED ENTRY--PERSONAL NAME
Personal name PANÉ, RAMÓN,
Dates associated with a name d. 1571
General subdivision CRÍTICA E INTERPRETACIÓN
650 #4 - SUBJECT ADDED ENTRY--TOPICAL TERM
Topical term or geographic name as entry element LENGUAJE Y CULTURA
650 #4 - SUBJECT ADDED ENTRY--TOPICAL TERM
Topical term or geographic name as entry element LENGUAJE Y LENGUAS
General subdivision HISTORIA Y CRÍTICA
650 #4 - SUBJECT ADDED ENTRY--TOPICAL TERM
Topical term or geographic name as entry element ESPAÑOL
General subdivision ENSEÑANZA
Geographic subdivision REPÚBLICA DOMINICANA
650 #4 - SUBJECT ADDED ENTRY--TOPICAL TERM
Topical term or geographic name as entry element LITERATURA DOMINICANA
General subdivision HISTORIA Y CRÍTICA
710 2# - ADDED ENTRY--CORPORATE NAME
Corporate name or jurisdiction name as entry element Instituto Tecnólogico de Santo Domingo
910 ## - USER-OPTION DATA (OCLC)
User-option data Validado. Control de calidad BNPHU
942 ## - ADDED ENTRY ELEMENTS (KOHA)
Source of classification or shelving scheme Dewey Decimal Classification
Koha item type Libros
945 ## - LOCAL PROCESSING INFORMATION (OCLC)
a Inventariado / 2017 VM
956 ## - LOCAL ELECTRONIC LOCATION AND ACCESS (OCLC)
Host name VMATEO
Access number 10
Compression information 20150806
Logon BPMSU
Processor of request 00151
Existencias
Withdrawn status Lost status Source of classification or shelving scheme Damaged status Not for loan Collection code Home library Current library Date acquired Source of acquisition Total Checkouts Full call number Barcode Date last seen Price effective from Koha item type Copy number
    Dewey Decimal Classification     Colección Dominicana Biblioteca Pública Metropolitana Salomé Ureña Biblioteca Pública Metropolitana Salomé Ureña 08/06/2015 FUNDI   460.7293 M433c BPMSU15080127 08/06/2015 08/06/2015 Libros  
    Dewey Decimal Classification     Colección Dominicana Biblioteca Pública Metropolitana Salomé Ureña Biblioteca Pública Metropolitana Salomé Ureña 08/06/2015 FUNDI   460.7293 M433c BPMSU15080128 08/06/2015 08/06/2015 Libros e. 2
    Dewey Decimal Classification     Colección Dominicana Biblioteca Pública Metropolitana Salomé Ureña Biblioteca Pública Metropolitana Salomé Ureña 08/06/2015 FUNDI   460.7293 M433c BPMSU15080129 08/06/2015 08/06/2015 Libros e. 3